000
00285nam a2200121Ia 4500
005
20251222155132.0
008
251222s9999||||xx |||||||||||||| ||spa||
082
_a
REL.103
100
_a
IDIGORAS, José
245
0
_a
La Religión fenómeno popular
264
_b
No tiene
942
_c
LIB
999
_c
38835
_d
38835